Sports Quiz

Random Sports or Olympics Quiz
Score 0/15 Timer 07:00
0 Plays Today
% Correct
Michelle Kwan
86%
Dorothy Hamill
82.8%
Yuzuru Hanyu
81.5%
Tonya Harding
81.3%
Patrick Chan
77.8%
Kristi Yamaguchi
77.6%
Dick Button
76.1%
Brian Boitano
75.4%
% Correct
Scott Hamilton
73.7%
Nancy Kerrigan
72.9%
Evgeni Plushenko
72.3%
Katarina Witt
69.9%
Elvis Stojko
65.6%
Oksana Baiul
63.8%
Peggy Fleming
58.5%
Remove Ads.
Support Sporcle.
Get the best of Sporcle when you Go Orange. This ad-free experience offers more features, more stats, and more fun while also helping to support Sporcle. Thank you for becoming a member.

You're not logged in!

Compare scores with friends on all Sporcle quizzes.
OR
Log In

Show Comments

Extras

Top Quizzes Today


Score Distribution

Your Account Isn't Verified!

In order to create a playlist on Sporcle, you need to verify the email address you used during registration. Go to your Sporcle Settings to finish the process.

Report this User

Report this user for behavior that violates our Community Guidelines.

Details: